UBT Library

CHRONIC OBSTRUCTIVE PULMONARY DISEASE (Record no. 3773)

000 -LEADER
fixed length control field 00271nam a22001097a 4500
008 - FIXED-LENGTH DATA ELEMENTS--GENERAL INFORMATION
fixed length control field 170126b xxu||||| |||| 00| 0 eng d
020 ## - INTERNATIONAL STANDARD BOOK NUMBER
International Standard Book Number 9780323428224
041 ## - LANGUAGE CODE
Language code of text/sound track or separate title eng
080 ## - UNIVERSAL DECIMAL CLASSIFICATION NUMBER
Universal Decimal Classification number 61
245 ## - TITLE STATEMENT
Title CHRONIC OBSTRUCTIVE PULMONARY DISEASE
Statement of responsibility, etc HEIDELBAUGH, J.J
942 ## - ADDED ENTRY ELEMENTS (KOHA)
Source of classification or shelving scheme
Item type Books
Holdings
Withdrawn status Lost status Source of classification or shelving scheme Damaged status Not for loan Collection code Permanent location Current location Shelving location Date acquired Total Checkouts Full call number Barcode Date last seen Price effective from Koha item type
          Koleksioni i përgjithshem UBT - Lipjan UBT - Lipjan Koleksioni i përgjithshem 01/26/2017   61 HEI 002-030471 01/26/2017 01/26/2017 Books
UBT Library © 2015-2024. All rights reserved University Education for Business and Technology